[Event "First  Saturday 2011 november GM"]
[Site "Budapest"]
[Date "2011.11.13"]
[Round "2.2"]
[White "Goh, Wei Ming Kevin"]
[Black "Maximov, Dimitry"]
[Result "1-0"]
[WhiteElo "2543"]
[BlackElo "2492"]
[PlyCount "81"]
[EventDate "2011.11.05"]

1. e4 c5 2. Nf3 d6 3. d4 cxd4 4. Nxd4 Nf6 5. Nc3 Nc6 6. Bg5 e6 7. Qd2 a6 8.
O-O-O Bd7 9. f4 Be7 10. Nf3 b5 11. Bxf6 gxf6 12. Kb1 Qb6 13. f5 O-O 14. Bd3 Ne5
15. Ne2 Kh8 16. Nf4 Rg8 17. Rhf1 Rac8 18. g3 Qc5 19. Nxe5 Qxe5 20. Rfe1 Bf8 21.
Bf1 Bc6 22. Nd3 Qd4 23. c3 Qa7 24. Nf4 Qe7 25. Qf2 Bh6 26. Bh3 Bxf4 27. Qxf4 e5
28. Qd2 Rgd8 29. Bg2 a5 30. g4 Rd7 31. Re3 Rg8 32. Bf3 Rgd8 33. Qg2 b4 34. c4
Rc7 35. Be2 Bb7 36. Qh3 a4 37. Qh6 Rg8 38. Rh3 Bxe4+ 39. Ka1 Bxf5 40. gxf5 Rg7
41. Rg3 1-0

[Event "First  Saturday 2011 november GM"]
[Site "Budapest"]
[Date "2011.11.14"]
[Round "2.3"]
[White "Arnold, Marc T"]
[Black "Goh, Wei Ming Kevin"]
[Result "1/2-1/2"]
[WhiteElo "2504"]
[BlackElo "2543"]
[PlyCount "33"]
[EventDate "2011.11.05"]

1. d4 Nf6 2. c4 g6 3. Nf3 Bg7 4. Nc3 d5 5. cxd5 Nxd5 6. e4 Nxc3 7. bxc3 c5 8.
Rb1 Nc6 9. d5 Ne5 10. Nxe5 Bxe5 11. Qa4+ Bd7 12. Qb3 Qc7 13. g3 O-O 14. Bg2 e6
15. c4 Qa5+ 16. Bd2 Qa6 17. O-O 1/2-1/2

[Event "First  Saturday 2011 november GM"]
[Site "Budapest"]
[Date "2011.11.14"]
[Round "2.3"]
[White "Maximov, Dimitry"]
[Black "Battey, Alexander"]
[Result "1/2-1/2"]
[WhiteElo "2492"]
[BlackElo "2336"]
[PlyCount "50"]
[EventDate "2011.11.05"]

1. e4 c6 2. Nf3 d5 3. Nc3 Nf6 4. e5 Ne4 5. Ne2 Qb6 6. d4 e6 7. Ng3 c5 8. Bd3
Nxg3 9. hxg3 cxd4 10. a3 Nc6 11. b4 Bd7 12. Qe2 O-O-O 13. O-O Be7 14. Bg5 Rdg8
15. b5 Na5 16. Rfb1 Kb8 17. Qe1 Rc8 18. Bd2 Bd8 19. c3 Nc4 20. Bxc4 Rxc4 21.
cxd4 Ra4 22. Qe3 Be7 23. Qb3 Rc4 24. a4 Rg8 25. Qe3 h5 1/2-1/2

[Event "First  Saturday 2011 november GM"]
[Site "Budapest"]
[Date "2011.11.14"]
[Round "2.3"]
[White "Ilincic, Zlatko"]
[Black "Hunt, Adam C"]
[Result "0-1"]
[WhiteElo "2447"]
[BlackElo "2458"]
[PlyCount "82"]
[EventDate "2011.11.05"]

1. d4 Nf6 2. c4 g6 3. g3 c6 4. Bg2 d5 5. cxd5 cxd5 6. Nf3 Bg7 7. Nc3 O-O 8. Ne5
Bf5 9. f3 Nc6 10. g4 Be6 11. e3 Nd7 12. Nd3 Nb6 13. f4 f6 14. a4 Bf7 15. f5 a5
16. O-O e5 17. fxe6 Bxe6 18. Nc5 Bc8 19. b3 Nb4 20. Ba3 Bh6 21. Re1 f5 22. gxf5
Rxf5 23. Bxb4 axb4 24. Na2 Qh4 25. Qd2 Rh5 26. Bf3 Rg5+ 27. Kh1 Bh3 28. Rg1 Rf8
29. Rxg5 Bxg5 30. Qe2 Re8 31. e4 dxe4 32. Nxe4 Nd5 33. Rg1 Be3 34. Qb5 Rxe4 35.
Qxd5+ Re6 36. Rd1 Bf4 37. Rg1 Kg7 38. Qd7+ Re7 39. Qd8 Bxh2 40. Qxe7+ Qxe7 41.
Kxh2 Qh4 0-1

[Event "First  Saturday 2011 november GM"]
[Site "Budapest"]
[Date "2011.11.14"]
[Round "2.3"]
[White "Czebe, Attila"]
[Black "Inants, Aghasi"]
[Result "1-0"]
[WhiteElo "2503"]
[BlackElo "2288"]
[PlyCount "55"]
[EventDate "2011.11.05"]

1. Nf3 Nf6 2. c4 e6 3. d4 d5 4. Bg5 c6 5. e3 Be7 6. Nbd2 h6 7. Bxf6 Bxf6 8. Bd3
Nd7 9. O-O O-O 10. e4 dxe4 11. Nxe4 b6 12. Re1 c5 13. Nxf6+ Nxf6 14. dxc5 bxc5
15. Qe2 Bb7 16. Rad1 Qc7 17. Ne5 Rfd8 18. Bc2 Rxd1 19. Rxd1 Rd8 20. Rxd8+ Qxd8
21. Qe3 Qd6 22. f3 Nd7 23. Nd3 Kf8 24. Ba4 Bc6 25. Bxc6 Qxc6 26. b4 cxb4 27.
Qxa7 Qd6 28. Qe3 {after 41 move} 1-0

[Event "First  Saturday 2011 november GM"]
[Site "Budapest"]
[Date "2011.11.15"]
[Round "2.4"]
[White "Czebe, Attila"]
[Black "Arnold, Marc T"]
[Result "1/2-1/2"]
[WhiteElo "2503"]
[BlackElo "2504"]
[PlyCount "22"]
[EventDate "2011.11.05"]

1. d4 d5 2. c4 c6 3. Nf3 Nf6 4. Nc3 e6 5. cxd5 exd5 6. Qc2 g6 7. Bg5 Be7 8. Bh6
Bf8 9. Bg5 Be7 10. Bh6 Bf8 11. Bg5 Be7 1/2-1/2

[Event "First  Saturday 2011 november GM"]
[Site "Budapest"]
[Date "2011.11.15"]
[Round "2.4"]
[White "Inants, Aghasi"]
[Black "Ilincic, Zlatko"]
[Result "1/2-1/2"]
[WhiteElo "2288"]
[BlackElo "2447"]
[PlyCount "23"]
[EventDate "2011.11.05"]

1. c4 c5 2. Nc3 Nc6 3. g3 g6 4. Bg2 Bg7 5. Nf3 Nf6 6. O-O O-O 7. d3 b6 8. Rb1
Bb7 9. a3 d5 10. Nd2 dxc4 11. Nxc4 Qd7 12. b4 1/2-1/2

[Event "First  Saturday 2011 november GM"]
[Site "Budapest"]
[Date "2011.11.15"]
[Round "2.4"]
[White "Battey, Alexander"]
[Black "Goh, Wei Ming Kevin"]
[Result "1/2-1/2"]
[WhiteElo "2336"]
[BlackElo "2543"]
[PlyCount "28"]
[EventDate "2011.11.05"]

1. e4 Nf6 2. Nc3 d5 3. e5 d4 4. exf6 dxc3 5. fxg7 cxd2+ 6. Qxd2 Qxd2+ 7. Bxd2
Bxg7 8. O-O-O Nc6 9. Ne2 Bd7 10. Bc3 Bxc3 11. Nxc3 O-O-O 12. Bb5 Ne5 13. Bxd7+
Rxd7 14. Rxd7 Nxd7 1/2-1/2

[Event "First  Saturday 2011 november GM"]
[Site "Budapest"]
[Date "2011.11.16"]
[Round "2.5"]
[White "Arnold, Marc T"]
[Black "Battey, Alexander"]
[Result "1-0"]
[WhiteElo "2504"]
[BlackElo "2336"]
[PlyCount "81"]
[EventDate "2011.11.05"]

1. d4 e6 2. c4 f5 3. Nc3 Nf6 4. e3 b6 5. Bd3 Bb7 6. f3 Bb4 7. Nge2 c5 8. a3
Bxc3+ 9. Nxc3 Nc6 10. d5 Ne5 11. Be2 O-O 12. O-O exd5 13. cxd5 Qe7 14. e4 fxe4
15. fxe4 d6 16. Be3 Rae8 17. Qd2 Bc8 18. Rae1 Ng6 19. Bb5 Bd7 20. Bxd7 Qxd7 21.
Bf2 Re7 22. Bg3 Rfe8 23. Qe2 Ne5 24. h3 Ng6 25. Rf3 Ne5 26. Re3 Rf8 27. Rf1 Qe8
28. a4 Qd7 29. Ra1 Rb8 30. Ra3 Ne8 31. Nb1 b5 32. Bxe5 Rxe5 33. Nd2 Nc7 34. Nf3
Ree8 35. Rad3 bxa4 36. e5 Rb3 37. Rxb3 axb3 38. Qc4 Qb5 39. Qe4 Qb4 40. Qf5 Qd4
41. Nxd4 1-0

[Event "First  Saturday 2011 november GM"]
[Site "Budapest"]
[Date "2011.11.16"]
[Round "2.5"]
[White "Goh, Wei Ming Kevin"]
[Black "Hunt, Adam C"]
[Result "1/2-1/2"]
[WhiteElo "2543"]
[BlackElo "2458"]
[PlyCount "42"]
[EventDate "2011.11.05"]

1. e4 e5 2. Nf3 Nc6 3. Bb5 a6 4. Ba4 Nf6 5. O-O Be7 6. Re1 b5 7. Bb3 d6 8. c3
O-O 9. h3 Nb8 10. d4 Nbd7 11. Nbd2 Bb7 12. Bc2 Re8 13. Nf1 Bf8 14. Ng3 g6 15.
a4 c5 16. d5 c4 17. Bg5 h6 18. Be3 Nc5 19. Qd2 h5 20. Bg5 Be7 21. Ra3 Nfd7
1/2-1/2

[Event "First  Saturday 2011 november GM"]
[Site "Budapest"]
[Date "2011.11.16"]
[Round "2.5"]
[White "Maximov, Dimitry"]
[Black "Inants, Aghasi"]
[Result "1/2-1/2"]
[WhiteElo "2492"]
[BlackElo "2288"]
[PlyCount "35"]
[EventDate "2011.11.05"]

1. e4 e6 2. d4 d5 3. e5 c5 4. c3 Nc6 5. Nf3 Qb6 6. a3 Nh6 7. b4 cxd4 8. cxd4
Nf5 9. Be3 f6 10. exf6 gxf6 11. Bd3 Nxe3 12. fxe3 Bh6 13. Qe2 O-O 14. Nc3 Ne7
15. O-O Bd7 16. Kh1 Rac8 17. Qe1 Ng6 18. Ra2 1/2-1/2

[Event "First  Saturday 2011 november GM"]
[Site "Budapest"]
[Date "2011.11.17"]
[Round "2.6"]
[White "Ilincic, Zlatko"]
[Black "Arnold, Marc T"]
[Result "1/2-1/2"]
[WhiteElo "2447"]
[BlackElo "2504"]
[PlyCount "31"]
[EventDate "2011.11.05"]

1. e4 c5 2. Nf3 d6 3. c3 Nf6 4. Be2 Nbd7 5. d3 c4 6. d4 Nxe4 7. Bxc4 e6 8. O-O
Be7 9. Re1 Nef6 10. Nbd2 O-O 11. Nf1 Re8 12. Ng3 Bf8 13. Bf4 b6 14. a4 a6 15.
Qe2 h6 16. Rad1 1/2-1/2

[Event "First  Saturday 2011 november GM"]
[Site "Budapest"]
[Date "2011.11.17"]
[Round "2.6"]
[White "Hunt, Adam C"]
[Black "Battey, Alexander"]
[Result "0-1"]
[WhiteElo "2458"]
[BlackElo "2336"]
[PlyCount "70"]
[EventDate "2011.11.05"]

1. e4 c5 2. Nf3 e6 3. d4 cxd4 4. Nxd4 a6 5. Bd3 Bc5 6. Nb3 Ba7 7. Qg4 Nf6 8.
Qg3 d6 9. O-O Nc6 10. Nc3 O-O 11. Bg5 Kh8 12. Rad1 Ne5 13. Kh1 h6 14. Bxf6 Qxf6
15. Be2 Bb8 16. f4 Nc6 17. a4 Nb4 18. Rd2 d5 19. e5 Qe7 20. Nd4 Bd7 21. Bd1 Bc7
22. b3 f6 23. Re1 fxe5 24. fxe5 Nc6 25. Nxc6 bxc6 26. Rd3 Bb6 27. Bf3 Rf5 28.
Ne2 Raf8 29. Nd4 Rg5 30. Qh4 Rxe5 31. Qg3 Rxe1+ 32. Qxe1 e5 33. Rd1 Qf6 34. Ne2
e4 35. Bh5 g6 0-1

[Event "First  Saturday 2011 november GM"]
[Site "Budapest"]
[Date "2011.11.18"]
[Round "2.7"]
[White "Arnold, Marc T"]
[Black "Hunt, Adam C"]
[Result "1/2-1/2"]
[WhiteElo "2504"]
[BlackElo "2458"]
[PlyCount "97"]
[EventDate "2011.11.05"]

1. e4 c5 2. Nf3 d6 3. d4 cxd4 4. Nxd4 Nf6 5. Nc3 a6 6. Be3 e5 7. Nf3 Be7 8. Bc4
O-O 9. O-O Be6 10. Bxe6 fxe6 11. Na4 Ng4 12. Qd3 Nxe3 13. Qxe3 b5 14. Nb6 Ra7
15. Nd5 Nc6 16. Nb4 Rc7 17. Nxa6 Rb7 18. Qc3 Rxf3 19. gxf3 Nd4 20. Qd3 Bg5 21.
c3 Bf4 22. Rfd1 Qh4 23. Kf1 Be3 24. Rd2 Qh3+ 25. Ke1 Nxf3+ 26. Ke2 Nxd2 27.
Qxe3 Qxe3+ 28. fxe3 Nxe4 29. Nb4 h5 30. Nd3 g5 31. Nf2 Nf6 32. b3 g4 33. a4
bxa4 34. bxa4 h4 35. a5 g3 36. hxg3 hxg3 37. Nd3 Nd5 38. c4 Nc3+ 39. Kd2 Ne4+
40. Ke2 Nc3+ 41. Kf1 Ne4 42. a6 Ra7 43. Kg2 Kf8 44. Nb4 Nc5 45. Kxg3 e4 46. Kf2
Ke8 47. Rh1 Kf8 48. Ke2 Nd3 49. Nxd3 1/2-1/2